Statystyki dla Top 10 najmniej zaludnionych stanów USA

Kliknij tutaj aby rozwiązać quiz!

Ogólne statystyki

  • Ten quiz został rozwiązany 28 razy
  • Średni wynik to 4 z 10

Statystyki odpowiedzi

populacjastan% Poprawnych
733 583Alaska
82%
779 261Dakota Północna
55%
909 824Dakota Południowa
45%
1 093 734Rhode Island
32%
1 385 340Maine
27%
1 122 867Montana
27%
647 064Vermont
27%
581 381Wyoming
27%
1 018 396Delaware
18%
1 395 231New Hampshire
9%

Rozkład punktacji

Percentyl według liczby udzielonych odpowiedzi

Procent ludzi z każdym wynikiem

Twoja historia wyników

Nie rozwiązałeś tego quizu